Responses for show #5438 - Wednesday, April 9, 2008

Deborah Fitzgerald game 3.

Contestants

[<< previous game]

Doug Friedman, a college science instructor from Flagstaff, Arizona

Kyron Rogers, an office manager and assistant from Brooklyn, New York

Deborah Fitzgerald, a retired government employee from McLean, Virginia (whose 2-day cash winnings total $26,700)

[next game >>]

Jeopardy! Round responses

QUOTATIONS
OSCAR-WINNING SONGS
(Alex: We'll give you the song, you identify the motion picture.)
HAVE SOME WINE
LEADING MEN
LEFT TO YOUR OWN DEVICES
"T.W."
    $200 1
(Douglas) MacArthur

Deborah
    $200 16
Pinocchio

Kyron
    $200 30
champagne

Doug
    $200 21
Iran

Kyron
    $200 6
a phone

Kyron
    $200 11
Turtle Wax

Kyron
    $400 2
Bartlett's

Kyron
    $400 17
Top Gun

Kyron
    $400 29
the alcohol content

Doug
    $400 22
Chamberlain

Kyron
    $400 7
an abacus

Doug
    $400 12
a trophy wife

Deborah
    $600 3
(Jack) Dempsey

Kyron
    $600 18
Evita

Kyron
    $2,000 26
Portugal

Deborah
    $600 23
Liechtenstein

Deborah
    $600 8
a defibrillator

Kyron
    $600 13
training wheels

Kyron
    $800 4
Patricia Hearst

Doug
    $800 19
Nashville

Triple Stumper
    $800 27
Zinfandel

Deborah
    $800 24
Venezuela

Kyron
    $800 9
an elevator

Doug
    $800 14
Tennessee Williams

Deborah
    $1000 5
Rosa Parks

Triple Stumper
    $1000 20
The Little Mermaid

Kyron
    $1000 28
Cold Duck

Deborah
    $1000 25
Syria

Deborah
    $1000 10
a barometer

Doug
    $1000 15
trade winds

Deborah

Scores at the first commercial break (after clue 15):

Deborah Kyron Doug
$2,400 $2,600 $3,000

Scores at the end of the Jeopardy! Round:

Deborah Kyron Doug
$7,800 $6,200 $3,600

Double Jeopardy! Round responses

SCIENCE & NATURE
FILMS OF THE '40s
ASIAN PERSUASION
"OO" WHO?
LITERARY SEQUELS
BODY LANGUAGE
    $400 12
Florida

Kyron
    $400 24
The Three Musketeers

Deborah
    $400 11
(Deborah: What is Ho Chi Minh City?)

Hanoi

DeborahDoug
    $400 1
Daniel Boone

Doug
    $400 6
The Hitchhiker's Guide to the Galaxy

Kyron
    $400 17
a head count

Doug
    $800 13
(Doug: What is Mars?)
(Deborah: What is Venus?)

Mercury

DeborahKyronDoug
    $800 25
Judy Garland

Deborah
    $800 22
(Kyron: What is Myanmar?)

Afghanistan

Kyron
Triple Stumper
    $800 2
J. Edgar Hoover

Deborah
    $800 7
Peyton Place

Deborah
    $800 18
mouth-watering

Kyron
    $1200 14
(Kyron: What is sound?)

light

KyronDoug
    $1200 26
The Maltese Falcon

Deborah
    $1200 23
(Kyron: What is Indonesia?)
(Doug: What is the Philippines?)

Japan

KyronDoug
Triple Stumper
    $1200 3
Calvin Coolidge

Kyron
    $1200 8
Thomas Wolfe

Deborah
    $1200 19
an eye-opener

Doug
    $2,000 15
the Mesozoic era

Doug
    $1600 27
Hitchcock

Kyron
    $1600 29
(Kyron: What is New Delhi?)
(Deborah: What is Mumbai?)

Calcutta

DeborahKyron
Triple Stumper
    $1600 4
Joe Hooker

Triple Stumper
    $2,500 9
(Deborah: What was... um... uh...)

Myra Breckinridge

Deborah
    $1600 20
a heel

Deborah
    $2000 16
Henry Cavendish

Triple Stumper
    $2000 28
Mighty Joe Young

Deborah
    $2000 30
a yak

Kyron
    $2000 5
(Kyron: Who is de Koonig?)
(Alex: Say it again.)
(Kyron: Who is de Koonig?)
[Originally accepted as correct.]

(Willem) de Kooning

Kyron
Triple Stumper
    $2000 10
My Brilliant Career

Deborah
    $2000 21
an earmark

Triple Stumper

Scores at the end of the Double Jeopardy! Round:

Deborah Kyron Doug
$13,300 $6,600 $7,200

[wagering suggestions for these scores]

Final Jeopardy! Round responses

1950s FICTION
KyronWhat is Lolita?
$5,905
DougWhat is ?
$6,000
DeborahWhat was Lolita?
$1,101
Lolita

Final scores:

Deborah Kyron Doug
$14,401 $12,505 $1,200
3-day champion: $41,101 2nd place: $2,000 3rd place: $1,000

Game dynamics:

Coryat scores:

Deborah Kyron Doug
$14,400 $6,600 $6,800
18 R
(including 1 DD),
4 W
(including 1 DD)
20 R,
5 W
12 R
(including 1 DD),
2 W

Combined Coryat: $27,800

The J! Archive is created by fans, for fans. The Jeopardy! game show and all elements thereof, including but not limited to copyright and trademark thereto, are the property of Jeopardy Productions, Inc. and are protected under law. This website is not affiliated with, sponsored by, or operated by Jeopardy Productions, Inc. Join the discussion at JBoard.tv.